|
|
|
|
| LEADER |
00977nam a2200277 a 4500 |
| 001 |
13298558 |
| 008 |
100304s2005 ohua b 001 0 eng d |
| 010 |
|
|
|a 2003110840
|
| 020 |
|
|
|a 0324225229
|
| 020 |
|
|
|a 0324259700
|
| 040 |
|
|
|a DLC
|c DLC
|d DLC
|d DB-DhAAL
|
| 082 |
0 |
0 |
|a 336
|2 22
|
| 999 |
|
|
|c 7694
|d 7694
|
| 999 |
|
|
|c 7694
|
| 100 |
1 |
|
|a Hyman, David N.
|9 7528
|
| 245 |
1 |
0 |
|a Public finance :
|b a contemporary application of theory to policy /
|c David N. Hyman.
|
| 250 |
|
|
|a 8e [ed.].
|
| 260 |
|
|
|a Mason, Ohio :
|b Thomson/South Western,
|c c2005.
|
| 300 |
|
|
|a xxi, 741 p. :
|b ill. ;
|c 25 cm.
|
| 504 |
|
|
|a Includes bibliographical references and indexes.
|
| 541 |
1 |
|
|e 00015634
|
| 650 |
|
0 |
|a Finance, Public.
|9 7529
|
| 650 |
|
0 |
|a Fiscal policy.
|9 7530
|
| 852 |
4 |
|
|a Ayesha Abed Library
|j General Shelf.
|
| 942 |
|
|
|2 ddc
|c BK
|
| 952 |
|
|
|0 0
|1 0
|2 ddc
|4 0
|6 336_HYM_200500000000000
|7 0
|9 8441
|a BRACUL
|b BRACUL
|c GEN
|d 2010-03-04
|l 8
|m 64
|o 336 HYM
|p 3010015634
|r 2025-09-16
|s 2025-06-22
|t 1
|w 2010-03-04
|y BK
|